[Event "Fagernes Autumn op"]
[Site "Fagernes"]
[Date "2023.10.14"]
[Round "8"]
[White "Yaniv, Yuval"]
[Black "Bogdanov, Artyom"]
[Result "1/2-1/2"]
[WhiteElo "2382"]
[BlackElo "2270"]
[PlyCount "99"]
[EventDate "2023.10.08"]
[EventType "swiss"]
[EventRounds "9"]
[EventCountry "NOR"]
[SourceTitle "Mega2024 Update 01"]
[Source "Chessbase"]
[SourceDate "2023.11.12"]
[SourceVersion "1"]
[SourceVersionDate "2023.11.12"]
[SourceQuality "1"]

1. e4 e5 2. Nf3 Nc6 3. Bb5 a6 4. Ba4 b5 5. Bb3 Bc5 6. 0-0 Nf6 7. c3 d6 8. d4 Bb6 9. Be3 0-0 10. Nbd2 Re8 11. Qe2 h6 12. h3 Rb8 13. Rad1 Bb7 14. d5 Ne7 15. Bxb6 cxb6 16. Ne1 Nd7 17. Bc2 Nc5 18. Nd3 Bc8 19. Kh2 Rf8 20. f4 Nxd3 21. Qxd3 exf4 22. Nf3 Bd7 23. Rde1 Re8 24. Qd4 Ng6 25. e5 dxe5 26. Nxe5 Nxe5 27. Rxe5 Qf6 28. Rxe8+ Rxe8 29. Qxf6 gxf6 30. Bd1 Re5 31. Bf3 Re8 32. Rd1 Rc8 33. Be2 f5 34. Kg1 Kg7 35. Rd4 Rc5 36. Bd1 Kf6 37. Bb3 Ke5 38. Kf2 Rc8 39. Kf3 Rg8 40. Kf2 Rg6 41. Bd1 Rd6 42. Bf3 Bc8 43. a4 bxa4 44. Rxa4 Bb7 45. c4 Kd4 46. Ke2 Rd8 47. Kd2 Re8 48. b3 Re3 49. Kc2 Kc5 50. Ra1 1/2-1/2

[Event "Fagernes Autumn op"]
[Site "Fagernes"]
[Date "2023.10.11"]
[Round "5"]
[White "Bogdanov, Artyom"]
[Black "Gjestemoen Vonhirsch, Andre"]
[Result "1/2-1/2"]
[WhiteElo "2270"]
[BlackElo "2327"]
[PlyCount "25"]
[EventDate "2023.10.08"]
[EventType "swiss"]
[EventRounds "9"]
[EventCountry "NOR"]
[SourceTitle "Mega2024 Update 01"]
[Source "Chessbase"]
[SourceDate "2023.11.12"]
[SourceVersion "1"]
[SourceVersionDate "2023.11.12"]
[SourceQuality "1"]

1. e4 c5 2. Nf3 g6 3. d4 cxd4 4. Qxd4 Nf6 5. e5 Nc6 6. Qa4 Nd5 7. Qb3 Nc7 8. Bc4 Ne6 9. Bxe6 dxe6 10. 0-0 Bg7 11. Bf4 b6 12. Qe3 0-0 13. Bh6 1/2-1/2

[Event "World ol U16"]
[Site "Eindhoven"]
[Date "2023.08.14"]
[Round "3.23"]
[White "Hashimoto, Shunji"]
[Black "Bogdanov, Artyom"]
[Result "0-1"]
[WhiteElo "1789"]
[BlackElo "2270"]
[PlyCount "90"]
[EventDate "2023.08.13"]
[EventType "team-swiss"]
[EventRounds "9"]
[EventCountry "NED"]
[SourceTitle "CBM 215 Extra"]
[Source "ChessBase"]
[SourceDate "2023.09.30"]
[SourceVersion "1"]
[SourceVersionDate "2023.09.30"]
[SourceQuality "1"]
[WhiteTeam "Japan"]
[BlackTeam "Kazakhstan V"]
[WhiteTeamCountry "JPN"]
[BlackTeamCountry "KAZ"]

1. d4 Nf6 2. Nf3 e6 3. Bf4 c5 4. e3 Nc6 5. c3 Be7 6. h3 b6 7. Nbd2 cxd4 8. exd4 Bb7 9. Bd3 d6 10. Qe2 0-0 11. 0-0 Re8 12. Nc4 h6 13. Rfe1 Bf8 14. Qd2 Rc8 15. a4 a6 16. Qd1 Rb8 17. Qc2 Qc7 18. Ncd2 Rbc8 19. Rac1 Qd8 20. Qb1 Qd7 21. Ne4 Nxe4 22. Bxe4 Na5 23. Bxb7 Qxb7 24. Nd2 Qd5 25. Qd3 b5 26. axb5 axb5 27. Rb1 Nc4 28. b3 Nxd2 29. Qxd2 Rc6 30. Rec1 Rec8 31. Qe3 Qf5 32. Ra1 Qd5 33. Rab1 Ra6 34. Qd3 Rac6 35. Qe3 Kh7 36. Qd3+ g6 37. Qd2 Bg7 38. Be3 Qe4 39. Ra1 d5 40. Ra5 b4 41. Rc5 Rxc5 42. dxc5 bxc3 43. Qe2 d4 44. Qc4 Qe5 45. b4 dxe3 0-1

[Event "Budapest Vezerkepzo Summer GM"]
[Site "Budapest"]
[Date "2023.07.12"]
[Round "2"]
[White "Ngo, Bach"]
[Black "Bogdanov, Artyom"]
[Result "1-0"]
[WhiteElo "2345"]
[BlackElo "2286"]
[PlyCount "101"]
[EventDate "2023.07.11"]
[EventType "tourn"]
[EventRounds "9"]
[EventCountry "HUN"]
[EventCategory "6"]
[SourceTitle "CBM 215 Extra"]
[Source "ChessBase"]
[SourceDate "2023.09.30"]
[SourceVersion "1"]
[SourceVersionDate "2023.09.30"]
[SourceQuality "1"]

1. Nf3 Nf6 2. c4 e6 3. Nc3 Bb4 4. g3 b6 5. Bg2 Bb7 6. 0-0 0-0 7. Qc2 Re8 8. d4 d5 9. cxd5 exd5 10. Bf4 c6 11. a3 Bf8 12. b4 Nbd7 13. Rfb1 Rc8 14. a4 Ba8 15. Qd3 Ne4 16. Bh3 Qe7 17. Nd1 Rcd8 18. Ra2 g6 19. a5 b5 20. Bxd7 Qxd7 21. a6 Nd6 22. Bxd6 Bxd6 23. Ne1 Qe7 24. Qd2 Qe4 25. Rb3 Kg7 26. Ne3 Be7 27. N3g2 Bf6 28. Nf3 Rd7 29. h4 Rde7 30. Qf4 h6 31. e3 Qe6 32. Nh2 Kh7 33. Qf3 Bg7 34. Nf4 Qd6 35. Nd3 Rf8 36. Qf4 Qd8 37. Ng4 f6 38. h5 Qc8 39. hxg6+ Kxg6 40. Nh2 h5 41. Nf3 Re4 42. Nh4+ Kf7 43. Qf3 Qg4 44. Kg2 Rg8 45. Nc5 Qxf3+ 46. Kxf3 Ree8 47. Ra1 Bf8 48. Rh1 Rg5 49. Ng2 Bd6 50. Nf4 Rh8 51. Rh4 1-0

[Event "Ceske Budejovice GM-A"]
[Site "Ceske Budejovice"]
[Date "2023.07.03"]
[Round "3"]
[White "Vykouk, Jan"]
[Black "Bogdanov, Artyom"]
[Result "1-0"]
[WhiteElo "2467"]
[BlackElo "2286"]
[PlyCount "57"]
[EventDate "2023.07.01"]
[EventType "tourn"]
[EventRounds "9"]
[EventCountry "CZE"]
[EventCategory "9"]
[SourceTitle "CBM 215 Extra"]
[Source "ChessBase"]
[SourceDate "2023.09.30"]
[SourceVersion "1"]
[SourceVersionDate "2023.09.30"]
[SourceQuality "1"]

1. e4 e5 2. Nf3 Nc6 3. Bc4 Nf6 4. d3 Be7 5. 0-0 0-0 6. Re1 d6 7. a4 Na5 8. Ba2 c5 9. c3 Be6 10. Na3 Nc6 11. Nc4 h6 12. Bd2 a6 13. Ne3 Bxa2 14. Rxa2 Re8 15. c4 b5 16. axb5 axb5 17. Rxa8 Qxa8 18. cxb5 Na7 19. Qa4 Qb8 20. b4 cxb4 21. Rb1 Qb7 22. b6 Nc6 23. Nd5 Rb8 24. Qxc6 Nxd5 25. Qxb7 Rxb7 26. exd5 Rxb6 27. Rxb4 Ra6 28. Kf1 Ra5 29. Rb8+ 1-0

[Event "Ceske Budejovice GM-A"]
[Site "Ceske Budejovice"]
[Date "2023.07.01"]
[Round "1"]
[White "Bogdanov, Artyom"]
[Black "Kraus, Tomas"]
[Result "1/2-1/2"]
[WhiteElo "2286"]
[BlackElo "2484"]
[PlyCount "40"]
[EventDate "2023.07.01"]
[EventType "tourn"]
[EventRounds "9"]
[EventCountry "CZE"]
[EventCategory "9"]
[SourceTitle "CBM 215 Extra"]
[Source "ChessBase"]
[SourceDate "2023.09.30"]
[SourceVersion "1"]
[SourceVersionDate "2023.09.30"]
[SourceQuality "1"]

1. e4 c5 2. Nf3 Nc6 3. Bb5 g6 4. Bxc6 dxc6 5. d3 Bg7 6. h3 Nf6 7. Nc3 Nd7 8. Be3 e5 9. Qd2 h6 10. 0-0 b6 11. Nh2 Nf8 12. f4 exf4 13. Bxf4 Ne6 14. Bg3 Qg5 15. Qe1 Nd4 16. Qf2 0-0 17. Kh1 f5 18. Bd6 Rf7 19. Rac1 Be6 20. Nf3 Nxf3 1/2-1/2

[Event "Sharjah Challengers 6th"]
[Site "Sharjah"]
[Date "2023.05.17"]
[Round "1"]
[White "Ohanyan, Emin"]
[Black "Bogdanov, Artyom"]
[Result "1/2-1/2"]
[WhiteElo "2444"]
[BlackElo "2221"]
[PlyCount "77"]
[EventDate "2023.05.17"]
[EventType "swiss"]
[EventRounds "9"]
[EventCountry "UAE"]
[SourceTitle "CBM 214 Extra"]
[Source "ChessBase"]
[SourceDate "2023.07.31"]
[SourceVersion "1"]
[SourceVersionDate "2023.07.31"]
[SourceQuality "1"]

1. d4 Nf6 2. c4 e6 3. Nf3 Bb4+ 4. Nbd2 b6 5. a3 Bxd2+ 6. Bxd2 Bb7 7. e3 d6 8. Bd3 Nbd7 9. 0-0 0-0 10. b4 Ne4 11. Be1 f5 12. Nd2 Qe7 13. f3 Nxd2 14. Qxd2 e5 15. Bc2 Kh8 16. Qf2 e4 17. f4 d5 18. Bb3 Qf7 19. Qa2 Nf6 20. Bd2 dxc4 21. Bxc4 Bd5 22. Rfc1 Rac8 23. a4 Bxc4 24. Qxc4 Qxc4 25. Rxc4 Nd5 26. a5 Kg8 27. b5 Kf7 28. Kf2 Ke6 29. h3 Kd7 30. Rca4 Rce8 31. Ke2 Rf6 32. axb6 axb6 33. Ra8 Rff8 34. Rxe8 Rxe8 35. g4 Rf8 36. Rg1 g6 37. Ra1 Rg8 38. Kf2 h5 39. Rg1 1/2-1/2

[Event "Arandjelovac op 1st"]
[Site "Arandjelovac"]
[Date "2023.03.17"]
[Round "4"]
[White "Bogdanov, Artyom"]
[Black "Phatak, Aanjaneya"]
[Result "1-0"]
[WhiteElo "2180"]
[BlackElo "1981"]
[PlyCount "87"]
[EventDate "2023.03.15"]
[EventType "swiss"]
[EventRounds "9"]
[EventCountry "SRB"]
[SourceTitle "CBM 213 Extra"]
[Source "ChessBase"]
[SourceDate "2023.05.31"]
[SourceVersion "1"]
[SourceVersionDate "2023.05.31"]
[SourceQuality "1"]

1. e4 c5 2. Nf3 d6 3. Bb5+ Bd7 4. Bxd7+ Qxd7 5. 0-0 Nc6 6. c3 d5 7. exd5 Qxd5 8. d4 e6 9. Be3 cxd4 10. cxd4 Nf6 11. Nc3 Qd6 12. Qb3 Qb4 13. Qc2 Bd6 14. a3 Qa5 15. Qb3 0-0 16. Qxb7 Ne7 17. Qb5 Qc7 18. Rfc1 Rab8 19. Qe2 Qa5 20. b4 Qh5 21. Ne5 Qh4 22. f3 Nf5 23. Qf2 Qxf2+ 24. Bxf2 Ne7 25. b5 a6 26. bxa6 Ra8 27. Nb5 Rxa6 28. Nxd6 Rxd6 29. a4 Ra8 30. a5 Rda6 31. Be1 Nf5 32. Ra4 g6 33. g4 Nd6 34. Nd3 Nb7 35. Rc7 R6a7 36. a6 Nd8 37. Rxa7 Rxa7 38. Bh4 Kg7 39. Ne5 h6 40. g5 hxg5 41. Bxg5 Ra8 42. a7 Nb7 43. Bxf6+ Kxf6 44. Nd7+ 1-0

[Event "Plzen IM 11th"]
[Site "Plzen"]
[Date "2023.03.07"]
[Round "4"]
[White "Levitan, Caleb Levi"]
[Black "Bogdanov, Artyom"]
[Result "1-0"]
[WhiteElo "2007"]
[BlackElo "2180"]
[PlyCount "131"]
[EventDate "2023.03.04"]
[EventType "tourn"]
[EventRounds "9"]
[EventCountry "CZE"]
[EventCategory "1"]
[SourceTitle "CBM 213 Extra"]
[Source "ChessBase"]
[SourceDate "2023.05.31"]
[SourceVersion "1"]
[SourceVersionDate "2023.05.31"]
[SourceQuality "1"]

1. e4 e5 2. Nf3 Nc6 3. Bb5 a6 4. Ba4 Nf6 5. d3 b5 6. Bb3 Be7 7. a4 Rb8 8. axb5 axb5 9. Nc3 0-0 10. 0-0 h6 11. Nd5 d6 12. c3 Re8 13. h3 Bf8 14. Nxf6+ Qxf6 15. Nh2 Qg6 16. f4 exf4 17. Rxf4 Be6 18. Bxe6 Qxe6 19. d4 Qg6 20. Qf3 Ra8 21. Rxa8 Rxa8 22. Rg4 Qh7 23. Be3 Ra1+ 24. Nf1 Ne7 25. Kh2 f5 26. exf5 Qxf5 27. Rf4 Qc8 28. Ng3 d5 29. Nf5 c6 30. Qg4 Nxf5 31. Rxf5 Bd6+ 32. g3 Kh8 33. Qg6 Ra7 34. Bxh6 Qc7 35. Bxg7+ Qxg7 36. Qxd6 Re7 37. Re5 Rf7 38. Qd8+ Qf8 39. Qxf8+ Rxf8 40. Kg2 Ra8 41. Re6 Ra2 42. Rxc6 Rxb2+ 43. Kf3 Rc2 44. Rb6 Kg7 45. Rxb5 Rxc3+ 46. Kf4 Kf6 47. Rxd5 Rc1 48. Rd6+ Ke7 49. Ra6 Rf1+ 50. Kg4 Rd1 51. Ra4 Kf6 52. h4 Rd2 53. h5 Rd1 54. Ra6+ Ke7 55. Kg5 Rxd4 56. g4 Kf7 57. Ra7+ Kg8 58. h6 Rd5+ 59. Kh4 Rd4 60. Kh5 Rd8 61. g5 Rb8 62. Ra6 Kh8 63. g6 Rc8 64. h7 Rc5+ 65. Kh6 Ra5 66. g7# 1-0

[Event "Kragero op"]
[Site "Kragero"]
[Date "2023.02.23"]
[Round "3"]
[White "Bogdanov, Artyom"]
[Black "Westrum, Kim Roger Hansen"]
[Result "1/2-1/2"]
[WhiteElo "1979"]
[BlackElo "2133"]
[PlyCount "92"]
[EventDate "2023.02.22"]
[EventType "swiss"]
[EventRounds "9"]
[EventCountry "NOR"]
[SourceTitle "CBM 212 Extra"]
[Source "ChessBase"]
[SourceDate "2023.03.31"]
[SourceVersion "1"]
[SourceVersionDate "2023.03.31"]
[SourceQuality "1"]

1. e4 e6 2. d4 d5 3. Nd2 Be7 4. Bd3 c5 5. dxc5 Nf6 6. Ngf3 0-0 7. 0-0 a5 8. c3 Na6 9. Bc2 Nxc5 10. e5 Nfd7 11. Nb3 Nxb3 12. axb3 f6 13. exf6 Nxf6 14. Bg5 Qc7 15. Qd3 Bd6 16. Rfe1 Ne4 17. Bh4 g5 18. Nxg5 Bxh2+ 19. Kh1 Nxg5 20. Bxg5 Rf5 21. Qe3 Bf4 22. Bxf4 Rxf4 23. Ra4 Rxa4 24. bxa4 Qg7 25. Qd3 Qh6+ 26. Kg1 Bd7 27. Re3 Be8 28. Qd4 Rc8 29. Rg3+ Kf7 30. Rf3+ Ke7 31. Bd3 Qc1+ 32. Kh2 Qxb2 33. Qf6+ Kd6 34. Re3 Bd7 35. Qe5+ Kc5 36. Qd4+ Kd6 37. Qf4+ Kc5 38. Re1 Qa3 39. Qd4+ Kd6 40. Qe5+ Ke7 41. Qg5+ Kd6 42. Qe5+ Ke7 43. Qg5+ Kd6 44. Qg3+ Ke7 45. Qh4+ Kd6 46. Qf4+ Ke7 1/2-1/2

[Event "Kragero op"]
[Site "Kragero"]
[Date "2023.02.22"]
[Round "1"]
[White "Bogdanov, Artyom"]
[Black "Domalchuk Jonasson, Aleksandr"]
[Result "0-1"]
[WhiteElo "1979"]
[BlackElo "2336"]
[PlyCount "102"]
[EventDate "2023.02.22"]
[EventType "swiss"]
[EventRounds "9"]
[EventCountry "NOR"]
[SourceTitle "CBM 212 Extra"]
[Source "ChessBase"]
[SourceDate "2023.03.31"]
[SourceVersion "1"]
[SourceVersionDate "2023.03.31"]
[SourceQuality "1"]

1. e4 e5 2. Nf3 Nc6 3. Bb5 a6 4. Ba4 Nf6 5. 0-0 b5 6. Bb3 Bb7 7. d4 Nxd4 8. Bxf7+ Kxf7 9. Nxe5+ Kg8 10. Qxd4 c5 11. Qd1 d6 12. Ng4 Nxe4 13. f3 Nf6 14. Bg5 h5 15. Nxf6+ gxf6 16. Bh4 Kf7 17. Nc3 d5 18. Qd3 b4 19. Ne2 Bd6 20. Ng3 Be5 21. c3 a5 22. Rfe1 Qd7 23. Qd2 Rag8 24. Re2 Ba6 25. Ree1 Rg6 26. Rad1 Bb7 27. Qf2 bxc3 28. Qxc5 Rc8 29. Qb6 c2 30. Rc1 Rc4 31. Nf5 Rc6 32. Qb3 a4 33. Qb4 Rc4 34. Qb6 Bc8 35. b3 axb3 36. axb3 Rf4 37. Nh6+ Kg7 38. Bf2 Rxh6 39. Rxc2 Rg6 40. Kh1 h4 41. Qa5 Qe8 42. Qa7+ Kh8 43. Qa8 Rg8 44. Qxd5 Qg6 45. g3 Qxc2 46. Rxe5 Rf5 47. Rxf5 Qxf5 48. Qc6 Bd7 49. Qb7 Rc8 50. g4 Bc6 51. Qxc6 Qb1+ 0-1

[Event "Kragero op"]
[Site "Kragero"]
[Date "2023.02.22"]
[Round "2"]
[White "Nordquelle, Daniel"]
[Black "Bogdanov, Artyom"]
[Result "1/2-1/2"]
[WhiteElo "2141"]
[BlackElo "1979"]
[PlyCount "46"]
[EventDate "2023.02.22"]
[EventType "swiss"]
[EventRounds "9"]
[EventCountry "NOR"]
[SourceTitle "CBM 212 Extra"]
[Source "ChessBase"]
[SourceDate "2023.03.31"]
[SourceVersion "1"]
[SourceVersionDate "2023.03.31"]
[SourceQuality "1"]

1. e4 e5 2. Nf3 Nc6 3. Bc4 Nf6 4. d3 Be7 5. 0-0 0-0 6. a4 a5 7. Nc3 d6 8. h3 Be6 9. Be3 h6 10. Qd2 d5 11. exd5 Nxd5 12. Bb5 Nxe3 13. fxe3 Bd6 14. Ne4 f5 15. Nxd6 cxd6 16. e4 Qb6+ 17. Kh1 Ne7 18. Rae1 Rf7 19. Kh2 Raf8 20. exf5 Nxf5 21. d4 Nxd4 22. Nxd4 Rxf1 23. Bxf1 Qxd4 1/2-1/2

[Event "Bassano del Grappa Vergani Cup"]
[Site "Bassano del Grappa"]
[Date "2023.02.03"]
[Round "5"]
[White "Bogdanov, Artyom"]
[Black "Kalaiyalahan, Akshaya"]
[Result "1/2-1/2"]
[WhiteElo "1979"]
[BlackElo "2148"]
[PlyCount "61"]
[EventDate "2023.02.01"]
[EventType "swiss"]
[EventRounds "9"]
[EventCountry "ITA"]
[SourceTitle "CBM 212 Extra"]
[Source "ChessBase"]
[SourceDate "2023.03.31"]
[SourceVersion "1"]
[SourceVersionDate "2023.03.31"]
[SourceQuality "1"]

1. e4 c5 2. Nf3 Nc6 3. Bb5 g6 4. Bxc6 bxc6 5. 0-0 Bg7 6. Re1 Nh6 7. c3 0-0 8. d4 cxd4 9. cxd4 d6 10. h3 f6 11. Nc3 Nf7 12. b3 Bd7 13. Bb2 Qa5 14. Qc2 Qh5 15. Qe2 Ng5 16. Nxg5 Qxg5 17. Qe3 Qa5 18. Rad1 Rae8 19. Qd2 Bc8 20. Na4 Qxd2 21. Rxd2 f5 22. e5 f4 23. f3 Rd8 24. Rc2 Bb7 25. Kf2 Rf5 26. Bc3 Ba6 27. Nb2 dxe5 28. dxe5 Rd5 29. Nc4 Bxc4 30. bxc4 Rd3 31. Re4 1/2-1/2

[Event "Almaty Academy IM2 12"]
[Site "Almaty"]
[Date "2022.12.22"]
[Round "8"]
[White "Smirnov, Mark1111"]
[Black "Bogdanov, Artyom"]
[Result "1-0"]
[WhiteElo "1935"]
[BlackElo "1935"]
[PlyCount "95"]
[EventDate "2022.12.16"]
[EventType "tourn"]
[EventRounds "9"]
[EventCountry "KAZ"]
[EventCategory "3"]
[SourceTitle "CBM 211 Extra"]
[Source "ChessBase"]
[SourceDate "2023.01.31"]
[SourceVersion "1"]
[SourceVersionDate "2023.01.31"]
[SourceQuality "1"]

1. e4 e5 2. Nc3 Nf6 3. g3 Bc5 4. Bg2 0-0 5. Nge2 Nc6 6. 0-0 a5 7. d3 Re8 8. h3 d6 9. Kh2 Nd4 10. f4 c6 11. Nxd4 Bxd4 12. f5 h6 13. g4 Nh7 14. Qe1 Bb6 15. h4 Qf6 16. Kg3 Bd8 17. Rh1 Bd7 18. g5 Qe7 19. Qe2 g6 20. f6 Qf8 21. Be3 h5 22. Bf3 Kh8 23. Kf2 Qg8 24. d4 d5 25. dxe5 Bc7 26. exd5 Bxe5 27. Qd2 Rad8 28. Bf4 Bf5 29. Rhe1 Bxf4 30. Qxf4 Bxc2 31. dxc6 bxc6 32. Bxc6 Rxe1 33. Rxe1 Nf8 34. Nd5 Ne6 35. Qc4 Bf5 36. Ne7 Qf8 37. Bd5 Qe8 38. Qc6 Qxc6 39. Bxc6 Rd2+ 40. Re2 Rd4 41. Nxf5 gxf5 42. g6 Kg8 43. Be8 Rf4+ 44. Ke1 Nc7 45. Bxf7+ Kf8 46. Bb3 Ne8 47. Rxe8+ Kxe8 48. g7 1-0

[Event "Wch U12"]
[Site "Batumi"]
[Date "2022.09.20"]
[Round "5"]
[White "Khazhatuly, Alikhan"]
[Black "Bogdanov, Artyom"]
[Result "0-1"]
[WhiteElo "1611"]
[BlackElo "2093"]
[PlyCount "70"]
[EventDate "2022.09.16"]
[EventType "swiss"]
[EventRounds "11"]
[EventCountry "GEO"]
[SourceTitle "EXT 2023"]
[Source "ChessBase"]
[SourceDate "2022.10.05"]
[SourceVersion "1"]
[SourceVersionDate "2022.10.05"]
[SourceQuality "1"]

1. e4 e5 2. Nf3 Nc6 3. Bc4 Nf6 4. d3 Be7 5. 0-0 0-0 6. Nc3 d6 7. h3 Na5 8. Bb3 Nxb3 9. axb3 c5 10. Be3 Bd7 11. Nh2 Bc6 12. f4 exf4 13. Bxf4 d5 14. e5 Nd7 15. Qg4 f5 16. exf6 Nxf6 17. Qe2 d4 18. Ne4 Nxe4 19. dxe4 Qd7 20. Qg4 Qxg4 21. Nxg4 h5 22. Nh2 Bb5 23. Rf2 g5 24. Bd2 Rxf2 25. Kxf2 Rf8+ 26. Kg1 Bc6 27. Nf1 Bd8 28. Re1 g4 29. hxg4 hxg4 30. Bh6 Rf6 31. Bd2 Bc7 32. e5 Rf5 33. e6 g3 34. e7 Kf7 35. c3 Rf2 0-1

[Event "Wch U12"]
[Site "Batumi"]
[Date "2022.09.18"]
[Round "3"]
[White "Sidorenja, Radion"]
[Black "Bogdanov, Artyom"]
[Result "0-1"]
[WhiteElo "1530"]
[BlackElo "2093"]
[PlyCount "37"]
[EventDate "2022.09.16"]
[EventType "swiss"]
[EventRounds "11"]
[EventCountry "GEO"]
[SourceTitle "EXT 2023"]
[Source "ChessBase"]
[SourceDate "2022.10.05"]
[SourceVersion "1"]
[SourceVersionDate "2022.10.05"]
[SourceQuality "1"]

1. e4 e5 2. Nf3 Nc6 3. d4 exd4 4. Nxd4 Nf6 5. Nxc6 bxc6 6. e5 Qe7 7. Qe2 Nd5 8. Nd2 g6 9. Nf3 Bg7 10. c4 Nb6 11. Bg5 Qe6 12. 0-0-0 0-0 13. Re1 c5 14. Qe4 Rb8 15. b3 Bb7 16. Qe3 Rfe8 17. Bf4 Qc6 18. Bd3 d5 19. Qe2 0-1